00659cam a2200169Ia 4500020001800000020001500018040000800033082002600041100001700067245013200084260007500216300004500291500004900336650002100385700002300406710006000429 a9789251062371 a9251062374 cUMC a305 FOO 2009 A015 Or.1 aAcker, David10aEducation for rural people :bthe role of education, training and capacity development in poverty reduction and food security / aRome :bFood and Agriculture Organization of the United Nations,c2009 axix, 130 p. :bill. (some col.) ;c24 cm aForeword by Jacques Diouf and Fanco Frattini 0aEducation, Rural1 aGasperini, Lavinia2 aFood and Agriculture Organization of the United Nations